000 00237nam a2200097Ia 4500
001 1210007
005 20250827024410.0
008 250824s9999 xx 000 0 und d
245 0 _aBAB-I ESRAR
_cAHMET ÜMİT
260 _bEVEREST YAYINLARI
999 _c1210007
_d1210007